| 000 | 00431nam a2200169Ia 4500 | ||
|---|---|---|---|
| 001 | 22700 | ||
| 005 | 20260414150848.0 | ||
| 008 | 260414t2009||||xx |||||||||||||| ||spa|| | ||
| 041 | _aESP | ||
| 082 |
_a621.384156 _bA62 |
||
| 100 |
_aAntúnez de Mayolo Mélendez, Carlos _eAUT |
||
| 245 | 0 |
_aTecnologías de telecomunicaciones por satélites _b |
|
| 260 | _c2009 | ||
| 650 | _aTCA | ||
| 654 | _aCET | ||
| 942 |
_cLIB _dJUS _fJUS _2ddc _n |
||
| 999 |
_c22700 _d22700 |
||